000 00353nam a2200157Ia 4500
100 _aMorris/ Noel
650 _aElectrical Engineering
942 _cBK
654 _aIndustrial electronics
245 _aIndustrial electronics
260 _bMc Graw Hill
_aLondon
_c1978
082 _a621.3
_bMor
300 _a305
546 _aENGLISH
999 _c34452
_d34452